00449nam a2200181 a 4500001001300000003000900013005001700022008004100039020001200080082001600092100001800108245002200126260004000148300000800188500003500196505001000231650002600241nice12345678IN_TiNIC20260116012548.0050524s1962 chea grd 000 0 eng  ac71.0500a230.12bAUG aAugustine, St aCity of God (DVD) aChennai bLilly Soosai Opset c1962 a00p aincludes index and biblioraphy2 aIndex aTheology-Early Church